Normal view
MARC view
- Persaud, Takoor.
Entry Personal Name
001 - CONTROL NUMBER
- control field: 38080
003 - CONTROL NUMBER IDENTIFIER
- control field: NUST
005 - DATE AND TIME OF LATEST TRANSACTION
- control field: 20210314130531.0
008 - FIXED-LENGTH DATA ELEMENTS
- fixed length control field: 210314|| aca||aabn | a|a d
040 ## - CATALOGING SOURCE
- Original cataloging agency: NUST
- Transcribing agency: NUST
100 ## - HEADING--PERSONAL NAME
- Personal name: Persaud, Takoor.
670 ## - SOURCE DATA FOUND
- Source citation: Work cat.: (NUST): Persaud, Takoor., , Latin America and the Caribbean technical department, regional studies program , December 1992.
